Central Library OPAC University of Rajshahi

Elementary statistics / (Record no. 6722)

MARC details
000 -LEADER
fixed length control field 00856cam a2200289 a 4500
001 - CONTROL NUMBER
control field 6722
003 - CONTROL NUMBER IDENTIFIER
rucl marc code BD-RjUL
005 - DATE AND TIME OF LATEST TRANSACTION
control field 20211208234311.0
008 - FIXED-LENGTH DATA ELEMENTS--GENERAL INFORMATION
fixed length control field 140112r19671966nyua 001 0 eng d
035 ## - SYSTEM CONTROL NUMBER
System control number MITb10471320
System control number (BD-RjUL)6763
System control number GLIS00471320
040 ## - CATALOGING SOURCE
Original cataloging agency DLC
Transcribing agency DLC
Modifying agency MCL
-- BD-RjUL
Language of cataloging eng
041 ## - LANGUAGE CODE
Language code of text/sound track or separate title eng
082 ## - DEWEY DECIMAL CLASSIFICATION NUMBER
Edition number 19
Classification number 519.5
Author mark and year HOE 1967
100 1# - MAIN ENTRY--PERSONAL NAME
Personal name Hoel, Paul G.,
Dates associated with a name 1905-2000.
9 (RLIN) 21141
245 10 - TITLE STATEMENT
Title Elementary statistics /
Statement of responsibility, etc. Paul G. Hoel.
250 ## - EDITION STATEMENT
Edition statement 2d ed.
260 ## - PUBLICATION, DISTRIBUTION, ETC. (IMPRINT)
Place of publication, distribution, etc. New York :
Name of publisher, distributor, etc. Wiley,
Date of publication, distribution, etc. c1966 [Printing 1967]
300 ## - PHYSICAL DESCRIPTION
Pagination ix, 351 p. :
Illustrations ill. ;
Size 24 cm.
490 1# - SERIES STATEMENT
Series statement Wiley series in probability and mathematical statistics
504 ## - BIBLIOGRAPHY, ETC. NOTE
Bibliography, etc Includes index
650 #0 - SUBJECT ADDED ENTRY--TOPICAL TERM
Topical term or geographic name as entry element Statistics.
9 (RLIN) 21142
830 #0 - SERIES ADDED ENTRY--UNIFORM TITLE
Uniform title Wiley series in probability and mathematical statistics.
942 ## - ADDED ENTRY ELEMENTS (KOHA)
Source of classification or shelving scheme Dewey Decimal Classification
Koha item type Books
949 ## - LOCAL PROCESSING INFORMATION (OCLC)
a MYGD
Holdings
Lost status Source of classification or shelving scheme Damaged status Not for loan Collection code Permanent Location Current Location Shelving location Date acquired Source of acquisition Cost, normal purchase price Total Checkouts Full call number Date last seen Copy number Koha item type
  Dewey Decimal Classification     Non-fiction Central Library, University of Rajshahi Central Library, University of Rajshahi   14/11/1968 Zeitlinger 75.00   519.5 HOE 1967 12/01/2014 C-2 Books
  Dewey Decimal Classification     Non-fiction Central Library, University of Rajshahi Central Library, University of Rajshahi   14/11/1968 Zeitlinger 75.00   519.5 HOE 1967 31/08/2016 C-3 Books
  Dewey Decimal Classification     Non-fiction Central Library, University of Rajshahi Central Library, University of Rajshahi   14/11/1968 Zeitlinger 75.00   519.5 HOE 1967 31/08/2016 C-4 Books
  Dewey Decimal Classification     Non-fiction Central Library, University of Rajshahi Central Library, University of Rajshahi   14/11/1968 Zeilinger 75.00   519.5 HOE 1967 31/08/2016 C-5 Books
  Dewey Decimal Classification     Non-fiction Central Library, University of Rajshahi Central Library, University of Rajshahi   14/11/1968 Zeilinger 75.00   519.5 HOE 1967 31/08/2016 C-6 Books
  Dewey Decimal Classification     Non-fiction Central Library, University of Rajshahi Central Library, University of Rajshahi   14/11/1968 Zeilinger 75.00   519.5 HOE 1967 31/08/2016 C-7 Books
  Dewey Decimal Classification   Not For Loan Non-fiction Central Library, University of Rajshahi Central Library, University of Rajshahi Reading Room 14/11/1968 Zeitlinger 75.00   519.5 HOE 1967 12/04/2017 C-1 Books